| 000 | 00000nam 2200000zi 4500 |
| 001 | 9.939947 |
| 003 | CaOODSP |
| 005 | 20241126151438 |
| 006 | m o d f |
| 007 | cr mn||||||||| |
| 008 | 240627e199302##onca ob f000 0 eng d |
| 040 | |aCaOODSP|beng|erda|cCaOODSP |
| 043 | |an-cn--- |
| 086 | 1 |aCo22-775/1993E-PDF |
| 245 | 00|aSmart cards in the public service : |bthe Department of Communications experience. |
| 264 | 1|a[Ottawa] : |bThe Department of Communications Smart Card Group, |cFebruary 1993. |
| 300 | |a1 online resource (54 pages) : |billustrations |
| 336 | |atext|btxt|2rdacontent |
| 337 | |acomputer|bc|2rdamedia |
| 338 | |aonline resource|bcr|2rdacarrier |
| 500 | |aIssued also in French under title: Les cartes à microprocesseur dans la fonction publique : l'éxperience du Ministère des communications. |
| 500 | |aDigitized edition from print [produced by Innovation, Science and Economic Development Canada]. |
| 504 | |aIncludes bibliographical references (page 52). |
| 610 | 10|aCanada. |bCommunications Canada. |
| 650 | 0|aSmart cards|zCanada. |
| 710 | 1 |aCanada. |bCommunications Canada, |eissuing body. |
| 775 | 08|tLes cartes à microprocesseur dans la fonction publique : |w(CaOODSP)9.945603 |
| 856 | 40|qPDF|s1.21 MB|uhttps://publications.gc.ca/collections/collection_2024/isde-ised/co22/Co22-775-1993-eng.pdf |